Like oil and water in the American West: Water market access amid unconventional oil production in Colorado (Record no. 512657)

000 -LEADER
fixed length control field 00478nam a2200145 4500
008 - FIXED-LENGTH DATA ELEMENTS--GENERAL INFORMATION
fixed length control field 191206b ||||| |||| 00| 0 eng d
100 ## - MAIN ENTRY--PERSONAL NAME
Personal name Malin, Stephanie
245 ## - TITLE STATEMENT
Title Like oil and water in the American West: Water market access amid unconventional oil production in Colorado
260 ## - PUBLICATION, DISTRIBUTION, ETC. (IMPRINT)
Name of publisher, distributor, etc Rural Sociology
300 ## - PHYSICAL DESCRIPTION
Extent 84(3), Sep, 2019: p.431-458.
700 ## - ADDED ENTRY--PERSONAL NAME
Personal name MacIIroy, Kelsea
9 (RLIN) 14302
773 ## - HOST ITEM ENTRY
Main entry heading Rural Sociology
906 ## - LOCAL DATA ELEMENT F, LDF (RLIN)
Subject DIP Water supply
942 ## - ADDED ENTRY ELEMENTS (KOHA)
Source of classification or shelving scheme
Item type Articles
Holdings
Withdrawn status Lost status Source of classification or shelving scheme Damaged status Not for loan Permanent location Current location Date acquired Serial Enumeration / chronology Barcode Date last seen Koha item type
          Indian Institute of Public Administration Indian Institute of Public Administration 2019-12-06 84(3), Sep, 2019: p.431-458. AR121998 2019-12-06 Articles

Powered by Koha